[Event "4NCL Online Division 5"]
[Site "online"]
[Date "2021.09.07"]
[EventDate "2021.09.07"]
[Round "2.264"]
[White "Ayres, Martin"]
[WhiteElo "1256"]
[WhiteTeam "Shropshire and Friends 7"]
[Black "Evans, Joseph"]
[BlackElo "956"]
[BlackTeam "Harrow 4"]
[Result "0-1"]
[PlyCount "104"]

1. d4 Nf6 2. c4 g6 3. Nc3 Bg7 4. Nf3 O-O 5. e4 e6 6. e5 Ne8 7. Be3 d5 8. Qd2 Nc6 9. a3 f6 10. cxd5 exd5 11. Bh6 fxe5 12. Bxg7 Kxg7 13. dxe5 Qe7 14. Nxd5 Qc5 15. Be2 Be6 16. Nf4 Kf7 17. O-O Nxe5 18. Nxe6 Nxf3+ 19. Bxf3 Kxe6 20. Rfe1+ Kf7 21. Rac1 Qd6 22. Bd5+ Kg7 23. Re6 Qf4 24. Re7+ Kh6 25. Qxf4+ Rxf4 26. Rce1 Rf8 27. b4 c6 28. Bb3 Nd6 29. Rd1 Nf5 30. Rxb7 a5 31. Rdd7 axb4 32. Rxh7+ Kg5 33. a4 c5 34. Rbc7 Nd4 35. Bd1 b3 36. Rxc5+ Kf4 37. g3+ Ke4 38. Rc4 b2 39. Re7+ Kd3 40. Rb4 Rxa4 41. Reb7 Rxb4 42. Rxb4 Kc3 43. Rb6 Re8 44. Kf1 Ra8 45. f4 Ra1 46. Ke1 b1=Q 47. Rxb1 Rxb1 48. g4 Nc2+ 49. Ke2 Rb4 50. Kf3 Kd2 51. Be2 Nd4+ 52. Kf2 Nxe2 0-1

[Event "4NCL Online Division 5"]
[Site "online"]
[Date "2021.09.07"]
[EventDate "2021.09.07"]
[Round "2.271"]
[White "Shah, Prem C"]
[WhiteElo "1114"]
[WhiteTeam "Watford Juniors B"]
[Black "Rowland, Benjamin"]
[BlackElo "1108"]
[BlackTeam "Barnet Knights D"]
[Result "0-1"]
[PlyCount "128"]

1. e4 c6 2. d4 d5 3. e5 Bf5 4. Nc3 e6 5. Bf4 c5 6. Nf3 Qb6 7. Bb5+ Nc6 8. Bxc6+ Qxc6 9. O-O h6 10. Re1 Ne7 11. a3 Ng6 12. Bg3 c4 13. Qd2 Be7 14. b3 Bg4 15. Qe3 O-O 16. Bf4 Bxf3 17. Qxf3 cxb3 18. cxb3 Nxf4 19. h4 Ng6 20. h5 Nh4 21. Qh3 Rac8 22. Ne2 Qa6 23. a4 Rc2 24. Ng3 Qd3 25. Rab1 Qxd4 26. Rbd1 Qxf2+ 27. Kh1 Qxg2+ 28. Qxg2 Rxg2 29. Rg1 Rb2 30. Rb1 Rxb1 31. Rxb1 Rc8 32. Kg1 Rc2 33. Kf1 Nf3 34. Rd1 Bc5 35. Nh1 Nh2+ 36. Ke1 Bf2+ 37. Nxf2 Nf3+ 38. Kf1 Nxe5 39. Re1 Rxf2+ 40. Kxf2 Nd3+ 41. Ke2 Nxe1 42. Kxe1 Kf8 43. Ke2 Ke7 44. Kd3 Kd6 45. Kd4 f6 46. b4 e5+ 47. Ke3 Kc6 48. b5+ Kc5 49. Ke2 Kd4 50. a5 b6 51. a6 e4 52. Kd2 f5 53. Kc2 f4 54. Kd2 f3 55. Kc2 Ke3 56. Kc3 f2 57. Kb4 f1=Q 58. Kc3 Qd3+ 59. Kb2 Qxb5+ 60. Kc3 Qc4+ 61. Kb2 Kd3 62. Ka3 Qb5 63. Ka2 Kc3 64. Ka1 Qb2# 0-1

[Event "4NCL Online Division 5"]
[Site "online"]
[Date "2021.09.07"]
[EventDate "2021.09.07"]
[Round "2.272"]
[White "Rasalingam, Rishi"]
[WhiteElo "1167"]
[WhiteTeam "Barnet Knights D"]
[Black "Fan, Jiayan"]
[BlackElo "1145"]
[BlackTeam "Watford Juniors B"]
[Result "1-0"]
[PlyCount "57"]

1. e4 e5 2. f4 d6 3. Nf3 exf4 4. d4 Nf6 5. Nc3 b6 6. Bxf4 Bb7 7. Bd3 Nc6 8. O-O Na5 9. b4 Nc6 10. a3 h6 11. d5 g5 12. dxc6 Bxc6 13. Bg3 a5 14. e5 dxe5 15. Nxe5 Bb7 16. Bb5+ c6 17. Nxc6 Bxc6 18. Bxc6+ Nd7 19. Re1+ Be7 20. Bd6 O-O 21. Bxe7 Qc7 22. Qxd7 Qf4 23. Bxa8 Rxa8 24. Nd5 Qd4+ 25. Kh1 axb4 26. Nf6+ Qxf6 27. Bxf6 bxa3 28. Re8+ Kh7 29. Qxf7# 1-0

[Event "4NCL Online Division 5"]
[Site "online"]
[Date "2021.09.07"]
[EventDate "2021.09.07"]
[Round "2.273"]
[White "Holland, Nicolas"]
[WhiteElo "953"]
[WhiteTeam "Watford Juniors B"]
[Black "Kuryan, Elizabeth"]
[BlackElo "990"]
[BlackTeam "Barnet Knights D"]
[Result "0-1"]
[PlyCount "64"]

1. e4 c5 2. Nf3 Nc6 3. Bc4 g6 4. Nc3 Bg7 5. d3 e6 6. O-O Nf6 7. Nb5 d5 8. exd5 exd5 9. Re1+ Be6 10. Bb3 O-O 11. Bg5 Re8 12. Ne5 Rc8 13. c4 d4 14. h3 a6 15. Nxc6 Rxc6 16. Na7 Rc7 17. Ba4 Ree7 18. b3 b5 19. cxb5 Rxa7 20. bxa6 Rxa6 21. Bb5 Rb6 22. Bc4 Bxc4 23. bxc4 Rxe1+ 24. Qxe1 Rb2 25. Bh4 Qa8 26. a3 Nd7 27. Be7 Rb6 28. a4 Ra6 29. a5 Be5 30. Bxc5 Bc7 31. Bb6 Nxb6 32. Qe5 Bxe5 0-1

[Event "4NCL Online Division 5"]
[Site "online"]
[Date "2021.09.07"]
[EventDate "2021.09.07"]
[Round "2.274"]
[White "Morin, Julian"]
[WhiteElo "897"]
[WhiteTeam "Barnet Knights D"]
[Black "Balakrishnan, Akshata"]
[BlackElo "704"]
[BlackTeam "Watford Juniors B"]
[Result "1-0"]
[PlyCount "85"]

1. d4 d5 2. c4 e6 3. e3 Nf6 4. Bd3 b6 5. b3 Ba6 6. Nd2 Nbd7 7. Bb2 c5 8. Ngf3 dxc4 9. Nxc4 Be7 10. Nce5 Bxd3 11. Qxd3 Nxe5 12. Nxe5 O-O 13. Nc6 Qd6 14. Nxe7+ Qxe7 15. dxc5 Rfd8 16. Qc3 Rac8 17. O-O Rxc5 18. Ba3 Rxc3 19. Bxe7 Rdc8 20. Bxf6 gxf6 21. g3 a5 22. Rfd1 b5 23. Rd7 a4 24. Rb7 Rc1+ 25. Rxc1 Rxc1+ 26. Kg2 a3 27. Ra7 b4 28. Ra4 Rc2 29. Rxb4 Rxa2 30. Ra4 Kf8 31. Kf3 f5 32. Kf4 Rxf2+ 33. Ke5 a2 34. b4 Rxh2 35. b5 Rb2 36. Kd6 Rb4 37. Rxa2 Rxb5 38. Kc6 Rb3 39. Kd6 Rxe3 40. Ra1 Rxg3 41. Ke5 h5 42. Kf6 h4 43. Ra8# 1-0

[Event "4NCL Online Division 5"]
[Site "online"]
[Date "2021.09.07"]
[EventDate "2021.09.07"]
[Round "2.281"]
[White "Buckman, Cyrus"]
[WhiteElo "1393"]
[WhiteTeam "Streatham C"]
[Black "Richards, Maurice A"]
[BlackElo "1497"]
[BlackTeam "Bude Surfers B"]
[Result "1-0"]
[PlyCount "113"]

1. d4 Nf6 2. c4 d6 3. Nf3 Nbd7 4. Nc3 e5 5. dxe5 dxe5 6. Bg5 Be7 7. Qc2 c6 8. e3 h6 9. Bh4 O-O 10. Bg3 Qc7 11. Be2 Nh5 12. Nxe5 Nxg3 13. Nxd7 Nxh1 14. Nxf8 Bxf8 15. g3 Nxf2 16. Kxf2 Be6 17. Rd1 Rd8 18. Rxd8 Qxd8 19. Qd3 Qxd3 20. Bxd3 Be7 21. b3 Kf8 22. Kf3 Ke8 23. Kf4 Kd7 24. Ne4 f5 25. Nc3 Bd6+ 26. Kf3 g5 27. h3 Ke7 28. Nd1 Kf6 29. Nf2 Bc5 30. g4 f4 31. Ne4+ Ke5 32. Nxc5 fxe3 33. Kxe3 Bc8 34. Ne4 b6 35. Ng3 c5 36. Bf5 Bb7 37. Be4 Bc8 38. Ne2 Be6 39. Nc3 Bf7 40. Bf5 h5 41. Ne4 hxg4 42. hxg4 Be8 43. Nxg5 Kf6 44. Ne4+ Ke5 45. Nc3 a6 46. Nd5 b5 47. Nc7 Bc6 48. Nxa6 bxc4 49. bxc4 Kd6 50. Nb8 Be8 51. Nd7 Bf7 52. Nb6 Kc6 53. Nd5 Kd6 54. Kf4 Be8 55. g5 Bh5 56. g6 Be2 57. g7 1-0

[Event "4NCL Online Division 5"]
[Site "online"]
[Date "2021.09.07"]
[EventDate "2021.09.07"]
[Round "2.282"]
[White "Constable, Christine F"]
[WhiteElo "1415"]
[WhiteTeam "Bude Surfers B"]
[Black "Tew, Ben"]
[BlackElo "1400"]
[BlackTeam "Streatham C"]
[Result "0-1"]
[PlyCount "80"]

1. d4 f5 2. Nf3 Nf6 3. e3 e6 4. Nbd2 Be7 5. Be2 O-O 6. O-O b6 7. b3 Bb7 8. Bb2 Nc6 9. c4 Ne4 10. d5 Nb4 11. Nxe4 fxe4 12. Nd2 exd5 13. cxd5 Bxd5 14. Nc4 Bb7 15. Ne5 d6 16. Ng4 d5 17. Qd4 Bf6 18. Nxf6+ Qxf6 19. Qd2 Qd6 20. Bc3 Nc6 21. Qb2 Qg6 22. Rad1 Ne7 23. Bb4 c5 24. Bc3 Bc8 25. Kh1 Bb7 26. h3 Nf5 27. Bg4 Rad8 28. Bxf5 Rxf5 29. Qe2 Rdf8 30. Rd2 b5 31. Qxb5 Ba6 32. Qxc5 Bxf1 33. g4 Bxh3 34. Bb4 Qxg4 35. f4 exf3 36. e4 Qxe4 37. Rf2 Bg2+ 38. Kg1 Qb1+ 39. Kh2 Rh5+ 40. Kg3 Qg6# 0-1

[Event "4NCL Online Division 5"]
[Site "online"]
[Date "2021.09.07"]
[EventDate "2021.09.07"]
[Round "2.283"]
[White "Isaacs, Ruairi"]
[WhiteElo "1298"]
[WhiteTeam "Streatham C"]
[Black "Russell, Lloyd"]
[BlackElo "1323"]
[BlackTeam "Bude Surfers B"]
[Result "0-1"]
[PlyCount "150"]

1. e4 c6 2. Nc3 d5 3. Nf3 Bg4 4. exd5 cxd5 5. Bb5+ Nc6 6. h3 Bxf3 7. Qxf3 e6 8. O-O Nf6 9. d4 a6 10. Bd3 Nxd4 11. Qe3 Bc5 12. Qd2 b5 13. a3 O-O 14. Ne2 Rc8 15. Nxd4 Bxd4 16. Bxh7+ Nxh7 17. Qxd4 Rxc2 18. Qg4 Nf6 19. Qg3 Qb8 20. Bf4 Ne4 21. Bxb8 Nxg3 22. Bxg3 Rxb2 23. Rfc1 Rd8 24. Rc6 a5 25. Rac1 Rb3 26. Bd6 b4 27. axb4 axb4 28. Rc8 Rxc8 29. Rxc8+ Kh7 30. Rb8 Rb1+ 31. Kh2 b3 32. Ba3 d4 33. Kg3 d3 34. Rd8 Rd1 35. Kf3 Ra1 36. Bb2 Ra2 37. Bc3 b2 38. Rb8 d2 39. Ke2 Ra1 40. Bxd2 b1=Q 41. Rxb1 Rxb1 42. Be3 Kg6 43. Kf3 Kf5 44. g4+ Ke5 45. Bf4+ Kf6 46. h4 e5 47. Bg5+ Kg6 48. Kg3 f6 49. Be3 f5 50. gxf5+ Kxf5 51. Kf3 Rb3 52. Ke2 Kg4 53. Bg5 g6 54. Kf1 e4 55. Ke2 Rf3 56. Be7 Kh3 57. Bg5 Kg2 58. Be3 Rh3 59. Bg5 Rb3 60. Bf6 Rf3 61. Bd4 Rh3 62. Bf6 Rh1 63. Bg5 Kh3 64. f4 exf3+ 65. Kxf3 Ra1 66. Ke3 Ra4 67. Bd8 Kg3 68. Bg5 Rxh4 69. Bxh4+ Kxh4 70. Kf3 g5 71. Kg2 g4 72. Kh2 g3+ 73. Kg2 Kg4 74. Kh1 Kf3 75. Kg1 g2 0-1

[Event "4NCL Online Division 5"]
[Site "online"]
[Date "2021.09.07"]
[EventDate "2021.09.07"]
[Round "2.284"]
[White "Haynes, Indigo"]
[WhiteElo "1075"]
[WhiteTeam "Bude Surfers B"]
[Black "Crookes, Art"]
[BlackElo "800"]
[BlackTeam "Streatham C"]
[Result "1-0"]
[PlyCount "33"]

1. e4 e5 2. Nf3 Nf6 3. Bd3 Bd6 4. O-O O-O 5. Nc3 Nc6 6. b3 Nd4 7. Nxd4 exd4 8. Nd5 Qe8 9. Nxf6+ Kh8 10. Nxe8 Rxe8 11. Bb2 Re5 12. Bxd4 Rh5 13. Qxh5 c6 14. Qxf7 h6 15. e5 c5 16. Qe8+ Bf8 17. Qxf8# 1-0

[Event "4NCL Online Division 5"]
[Site "online"]
[Date "2021.09.21"]
[EventDate "2021.09.21"]
[Round "3.11"]
[White "Sandy, Paul"]
[WhiteElo "1586"]
[WhiteTeam "Wessex Some Stars G"]
[Black "Cook, Philip"]
[BlackElo "2149"]
[BlackTeam "Hebden Bridge 1"]
[Result "0-1"]
[PlyCount "92"]

1. b4 e5 2. Bb2 Bxb4 3. Bxe5 Nf6 4. Nf3 O-O 5. c3 Ba5 6. Qb3 Nc6 7. Bg3 d5 8. h3 Bb6 9. e3 Ne4 10. Bf4 Ne7 11. d3 Nc5 12. Qc2 Ng6 13. Bg3 f5 14. Be2 f4 15. Bh2 fxe3 16. fxe3 Nh4 17. O-O Nf5 18. Bf4 Ne6 19. d4 Nxf4 20. exf4 Ne3 21. Qd2 Nxf1 22. Kxf1 Qf6 23. Kg1 Qxf4 24. Qxf4 Rxf4 25. Nbd2 c5 26. Re1 Bd7 27. g3 Rff8 28. g4 cxd4 29. cxd4 Rae8 30. Kg2 Ba5 31. Ne5 Ba4 32. Ndf3 Bxe1 33. Nxe1 Rf4 34. N1f3 Rc8 35. Kg3 Rf6 36. g5 Rb6 37. Bd3 Bc2 38. Be2 Rb2 39. a3 Rc3 40. Kg4 Be4 41. Ng1 Rxa3 42. h4 Ra1 43. Nh3 Rxe2 44. Nf4 Rg1+ 45. Kh5 Rh2 46. Ng4 Bf3 0-1

[Event "4NCL Online Division 5"]
[Site "online"]
[Date "2021.09.21"]
[EventDate "2021.09.21"]
[Round "3.12"]
[White "Eagleton, Greg T"]
[WhiteElo "2065"]
[WhiteTeam "Hebden Bridge 1"]
[Black "Deacon, Matthew"]
[BlackElo "1579"]
[BlackTeam "Wessex Some Stars G"]
[Result "1-0"]
[PlyCount "104"]

1. d4 Nf6 2. c4 e6 3. Nf3 d5 4. g3 Be7 5. Bg2 O-O 6. Nc3 c6 7. cxd5 exd5 8. O-O Re8 9. Bf4 Nbd7 10. Qc2 Nf8 11. Ne5 Ne6 12. Be3 Nd7 13. Rfd1 Bg5 14. f4 Be7 15. Rac1 Nb6 16. Bf2 Nc7 17. h3 Bd6 18. e4 dxe4 19. Nxe4 Bf8 20. Ng5 f5 21. Qb3+ Nbd5 22. Rd2 Qe7 23. a3 h6 24. Ngf3 Be6 25. Qxb7 Reb8 26. Qxc6 Ne8 27. Qa6 Rb6 28. Qe2 Rab8 29. Nc6 Qf7 30. Nxb8 Rxb8 31. Ne5 Qf6 32. Rc6 Rb6 33. Bxd5 Rxc6 34. Bxc6 Nd6 35. Bf3 g5 36. d5 Bc8 37. fxg5 hxg5 38. Bd4 Qh6 39. Bg2 Ne8 40. d6 Qxd6 41. Bxa7 Qc7 42. Bd5+ Kg7 43. Bd4 Nf6 44. Qf2 Nxd5 45. Nd7+ Kh6 46. Nxf8 Qf7 47. Bc5 Ne7 48. Nd7 Ng6 49. Nb6 Ba6 50. Rd7 Qb3 51. Bd4 Qd1+ 52. Kh2 Bb5 1-0

[Event "4NCL Online Division 5"]
[Site "online"]
[Date "2021.09.21"]
[EventDate "2021.09.21"]
[Round "3.13"]
[White "Blythe, Douglas"]
[WhiteElo "1541"]
[WhiteTeam "Wessex Some Stars G"]
[Black "Clarkson, Andrew"]
[BlackElo "2051"]
[BlackTeam "Hebden Bridge 1"]
[Result "0-1"]
[PlyCount "60"]

1. c4 Nf6 2. Nc3 d5 3. cxd5 Nxd5 4. g3 g6 5. Bg2 Nxc3 6. bxc3 Bg7 7. Rb1 O-O 8. Rxb7 Bxb7 9. Bxb7 Nd7 10. Bxa8 Qxa8 11. Nf3 e5 12. O-O e4 13. Ng5 Qd5 14. h4 h6 15. Nh3 Qxa2 16. Nf4 Ne5 17. Ng2 Rd8 18. Ne3 Nc4 19. Nxc4 Qxc4 20. Qe1 a5 21. f3 e3 22. dxe3 Qxc3 23. Qxc3 Bxc3 24. Ba3 Bb4 25. Ra1 c5 26. Kf2 c4 27. Bc1 Rd1 28. Rb1 c3 29. e4 c2 30. Ra1 Bd2 0-1

[Event "4NCL Online Division 5"]
[Site "online"]
[Date "2021.09.21"]
[EventDate "2021.09.21"]
[Round "3.14"]
[White "Shapland, David"]
[WhiteElo "1928"]
[WhiteTeam "Hebden Bridge 1"]
[Black "McCullagh, Tim"]
[BlackElo "1375"]
[BlackTeam "Wessex Some Stars G"]
[Result "1-0"]
[PlyCount "109"]

1. e4 d6 2. d4 Nf6 3. Nc3 Nbd7 4. Nf3 e5 5. Bg5 Be7 6. Qd2 c6 7. a4 a5 8. Bd3 Qc7 9. d5 Nf8 10. h3 h6 11. Be3 g5 12. Nh2 Ng6 13. f3 Nf4 14. Ng4 Bd7 15. Qf2 Nxd3+ 16. cxd3 Nxg4 17. fxg4 c5 18. O-O Rf8 19. Ne2 Qc8 20. Rfc1 Bxg4 21. hxg4 Qxg4 22. Qf3 Qxf3 23. gxf3 O-O-O 24. Kf2 f5 25. Rh1 f4 26. Bd2 b6 27. Rxh6 Rh8 28. Rah1 Rxh6 29. Rxh6 Rg8 30. Be1 g4 31. fxg4 Rxg4 32. Kf3 Rg7 33. Bf2 Kd7 34. Nc3 Bg5 35. Rh8 Bf6 36. Nb5 Rg3+ 37. Bxg3 Bxh8 38. Bh4 Bg7 39. Bg5 Bf8 40. Kg4 Be7 41. Bh6 Ke8 42. Na3 Bf8 43. Bxf8 Kxf8 44. Nc4 Ke7 45. Nxb6 Kd8 46. Nc4 Kc7 47. Nxa5 Kb6 48. Nc4+ Kc7 49. a5 Kd7 50. a6 Kc7 51. Nxd6 Kb6 52. Nc4+ Kxa6 53. Nxe5 Kb5 54. Kxf4 Kb4 55. Nc4 1-0

[Event "4NCL Online Division 5"]
[Site "online"]
[Date "2021.09.21"]
[EventDate "2021.09.21"]
[Round "3.21"]
[White "Coathup, Roger H"]
[WhiteElo "2192"]
[WhiteTeam "Morpeth"]
[Black "Lampard, Alice"]
[BlackElo "1948"]
[BlackTeam "Wells Globetrotters 1"]
[Result "1/2-1/2"]
[PlyCount "210"]

1. c4 c5 2. Nc3 Nc6 3. Nf3 g6 4. e3 e6 5. d4 cxd4 6. exd4 d5 7. cxd5 exd5 8. Bd3 Bg7 9. O-O Nge7 10. Re1 O-O 11. Bg5 Re8 12. h3 h6 13. Be3 Bf5 14. Bb5 a6 15. Bf1 b5 16. Qd2 Kh7 17. Rac1 Rc8 18. g4 Be6 19. Ne2 Qa5 20. Qxa5 Nxa5 21. b3 Nac6 22. Bd2 g5 23. Bc3 Ng8 24. Ng3 Nf6 25. Bd3+ Kg8 26. Ne5 Nxe5 27. dxe5 Nd7 28. Nf5 Bf8 29. Nd4 Rxc3 30. Rxc3 Bb4 31. Rcc1 Bxe1 32. Rxe1 Rc8 33. Kg2 Nc5 34. Bb1 Nd7 35. f3 Nb8 36. Bf5 Bxf5 37. Nxf5 Rc2+ 38. Kg3 Rxa2 39. e6 fxe6 40. Rxe6 Kf7 41. Rd6 Rd2 42. Nxh6+ Ke8 43. Nf5 Rd3 44. b4 Nd7 45. Rxa6 Kf7 46. Nd6+ Ke7 47. Nxb5 Ne5 48. Nc7 Kd7 49. Ne6 Rxf3+ 50. Kg2 Rf6 51. Nc5+ Ke7 52. Rxf6 Kxf6 53. Kf2 d4 54. Nb3 Nd3+ 55. Kf3 Nxb4 56. Nxd4 Nd3 57. Ne2 Ke5 58. Ke3 Ne1 59. Kf2 Nd3+ 60. Kg3 Nc5 61. Kf3 Nd3 62. Nc3 Ne1+ 63. Kg3 Nd3 64. Nd1 Nc5 65. Ne3 Ne4+ 66. Kg2 Nf6 67. Kf3 Nd7 68. Nf5 Nf6 69. Nh6 Ke6 70. Nf5 Ke5 71. Ng3 Kd5 72. Ke3 Ke5 73. Ne2 Nd5+ 74. Kf3 Nf6 75. Nc3 Kd4 76. Nb5+ Ke5 77. Nc7 Kd6 78. Na6 Ke5 79. Nc5 Kd5 80. Nd3 Kd4 81. Nb4 Ke5 82. Nc6+ Kd6 83. Nd8 Ke7 84. Nb7 Ke6 85. Nc5+ Kd5 86. Nd3 Kd4 87. Nf4 Ke5 88. Ng6+ Kd4 89. Nh8 Nh7 90. Nf7 Kd5 91. Ke3 Ke6 92. Nh6 Nf6 93. Nf5 Ke5 94. Nh6 Nd5+ 95. Kf3 Nc7 96. Nf7+ Kf6 97. Nd6 Ke5 98. Ne4 Ne6 99. Ke3 Kd5 100. Nxg5 Nxg5 101. h4 Ne6 102. g5 Ke5 103. Kf3 Kf5 104. Kg3 Nxg5 105. hxg5 Kxg5 1/2-1/2

[Event "4NCL Online Division 5"]
[Site "online"]
[Date "2021.09.21"]
[EventDate "2021.09.21"]
[Round "3.22"]
[White "Strong, Chris M"]
[WhiteElo "1750"]
[WhiteTeam "Wells Globetrotters 1"]
[Black "Symonds, Richard H"]
[BlackElo "1958"]
[BlackTeam "Morpeth"]
[Result "0-1"]
[PlyCount "46"]

1. e4 d6 2. d4 Nf6 3. Nc3 Nbd7 4. Bc4 e5 5. Nf3 Be7 6. Be3 h6 7. h3 c6 8. Qd2 Qc7 9. O-O-O b5 10. Bd3 b4 11. Ne2 c5 12. dxc5 dxc5 13. Ng3 c4 14. Be2 c3 15. Qe1 Qa5 16. Kb1 g6 17. Bc4 Nb6 18. Bb3 cxb2 19. Kxb2 Be6 20. Kb1 Na4 21. Bc1 Nc3+ 22. Kb2 Bxb3 23. Kxb3 Qxa2# 0-1

[Event "4NCL Online Division 5"]
[Site "online"]
[Date "2021.09.21"]
[EventDate "2021.09.21"]
[Round "3.23"]
[White "Turner, James"]
[WhiteElo "1953"]
[WhiteTeam "Morpeth"]
[Black "Goatcher, Matthew W"]
[BlackElo "1682"]
[BlackTeam "Wells Globetrotters 1"]
[Result "1-0"]
[PlyCount "125"]

1. e4 Nf6 2. e5 Nd5 3. d4 d6 4. c4 Nb6 5. exd6 cxd6 6. Nc3 g6 7. Be3 Bg7 8. Rc1 O-O 9. b3 Nc6 10. h3 Bf5 11. Nf3 Bd7 12. Be2 e6 13. O-O Nc8 14. d5 Ne5 15. Nd4 exd5 16. Nxd5 a6 17. Qd2 Ne7 18. Bg5 f6 19. Bh6 Nf5 20. Bxg7 Nxd4 21. Bxf8 Nxe2+ 22. Qxe2 Qxf8 23. f4 Nc6 24. Qb2 Qg7 25. Qxf6 Rf8 26. Qxg7+ Kxg7 27. Rcd1 Nd8 28. Nb6 Bc6 29. Rxd6 Nf7 30. Rd4 Re8 31. Kf2 Nd8 32. g3 Ne6 33. Rdd1 Nc5 34. Nd5 Ne4+ 35. Kf3 Nc3 36. Rd3 Nxd5 37. cxd5 Bb5 38. Rfd1 Bxd3 39. Rxd3 Kf6 40. d6 Rd8 41. g4 Ke6 42. Re3+ Kxd6 43. Rd3+ Ke7 44. Rxd8 Kxd8 45. Ke4 Ke7 46. Ke5 b5 47. b4 h6 48. f5 Kf7 49. fxg6+ Kxg6 50. h4 Kf7 51. Kf5 Kg7 52. h5 Kf7 53. a3 Kg7 54. Ke6 Kh7 55. Kf6 Kg8 56. Kg6 Kh8 57. Kxh6 Kg8 58. Kg6 Kh8 59. Kf7 Kh7 60. g5 Kh8 61. Kf8 a5 62. g6 axb4 63. g7+ 1-0

[Event "4NCL Online Division 5"]
[Site "online"]
[Date "2021.09.21"]
[EventDate "2021.09.21"]
[Round "3.24"]
[White "Johnson, RN Phil"]
[WhiteElo "1611"]
[WhiteTeam "Wells Globetrotters 1"]
[Black "Eastlake, Phil"]
[BlackElo "1875"]
[BlackTeam "Morpeth"]
[Result "0-1"]
[PlyCount "72"]

1. d4 d5 2. Nc3 Nf6 3. Bg5 c5 4. Nf3 Nc6 5. e3 cxd4 6. exd4 Bg4 7. Be2 e6 8. O-O Be7 9. Ne5 Bxe2 10. Nxe2 O-O 11. c3 Nxe5 12. dxe5 Nd7 13. Bxe7 Qxe7 14. f4 Nc5 15. Qd4 Rac8 16. Rf3 a6 17. Raf1 Ne4 18. Ng3 Rc4 19. Qd1 Rd8 20. Qe2 Qc5+ 21. Qe3 Nd2 22. Ne2 Nxf3+ 23. Rxf3 Qxe3+ 24. Rxe3 Re4 25. Kf2 f6 26. Rxe4 dxe4 27. Nd4 fxe5 28. fxe5 Rd5 29. Ke3 Rxe5 30. Kf4 Ra5 31. Nxe6 Rxa2 32. b4 Rc2 33. Kxe4 Rxc3 34. Nc5 Rc4+ 35. Kf3 Rxb4 36. g4 a5 0-1

[Event "4NCL Online Division 5"]
[Site "online"]
[Date "2021.09.21"]
[EventDate "2021.09.21"]
[Round "3.31"]
[White "Coburn, Joseph A"]
[WhiteElo "1758"]
[WhiteTeam "Wessex Some Stars E"]
[Black "ERMIS, MEHMET EREN"]
[BlackElo "2106"]
[BlackTeam "QMUL A"]
[Result "0-1"]
[PlyCount "62"]

1. d4 d5 2. c4 c6 3. Nf3 Nf6 4. g3 dxc4 5. Bg2 Bf5 6. Nc3 e6 7. Ne5 Nbd7 8. Nxc4 h6 9. Bf4 Nb6 10. Ne5 Be7 11. e4 Bh7 12. O-O O-O 13. Be3 Nfd7 14. f4 Nxe5 15. fxe5 Nc4 16. Qe2 Nxe3 17. Qxe3 Qb6 18. Qf2 Rad8 19. Rad1 Bg6 20. Kh1 Qc7 21. Bh3 c5 22. Nb5 Bxe4+ 23. Kg1 Qb6 24. Nd6 Bxd6 25. exd6 Qxd6 26. Qe3 Bg6 27. dxc5 Qxd1 28. Rxd1 Rxd1+ 29. Kf2 Rfd8 30. Bf1 R8d2+ 31. Kg1 Bd3 0-1

[Event "4NCL Online Division 5"]
[Site "online"]
[Date "2021.09.21"]
[EventDate "2021.09.21"]
[Round "3.32"]
[White "Kafetzopoulos, Anastasis"]
[WhiteElo "1995"]
[WhiteTeam "QMUL A"]
[Black "Jones, Tim"]
[BlackElo "1755"]
[BlackTeam "Wessex Some Stars E"]
[Result "0-1"]
[PlyCount "54"]

1. d4 Nf6 2. c4 e6 3. Nf3 b6 4. g3 Bb7 5. Bg2 Bb4+ 6. Nbd2 O-O 7. O-O c5 8. d5 Bxd2 9. Bxd2 exd5 10. Nh4 d6 11. Bf4 Nh5 12. Bxd5 Nc6 13. Bxd6 Re8 14. Bxf7+ Kxf7 15. Qd5+ Re6 16. Qxh5+ Kg8 17. Bf4 Nd4 18. Be3 Re5 19. Qg4 h5 20. Bxd4 hxg4 21. Bxe5 Qe8 22. Bc3 Qe4 23. f3 Qe3+ 24. Rf2 Rf8 25. Rd1 gxf3 26. Rd7 Qc1+ 27. Rf1 f2# 0-1

[Event "4NCL Online Division 5"]
[Site "online"]
[Date "2021.09.21"]
[EventDate "2021.09.21"]
[Round "3.33"]
[White "Pinto, Phil B"]
[WhiteElo "1753"]
[WhiteTeam "Wessex Some Stars E"]
[Black "Van Hoof, Alexander"]
[BlackElo "1908"]
[BlackTeam "QMUL A"]
[Result "1-0"]
[PlyCount "147"]

1. e4 c6 2. d4 d5 3. exd5 cxd5 4. c4 Nf6 5. Nf3 g6 6. Nc3 Bg7 7. Be2 O-O 8. O-O b6 9. Bf4 Bb7 10. Rc1 Re8 11. Nb5 Na6 12. Ne5 e6 13. c5 Nc7 14. Nd6 Ba6 15. Bxa6 Nxa6 16. Nxe8 Qxe8 17. cxb6 axb6 18. a3 Qb5 19. Rc2 Ne4 20. Nf3 h5 21. Ng5 Nf6 22. Qc1 Qd7 23. Rc6 b5 24. h3 Ne8 25. Nf3 b4 26. Qc2 bxa3 27. bxa3 Qe7 28. Qc3 Nb8 29. Rc8 Rxa3 30. Rxe8+ Qxe8 31. Qxa3 Nc6 32. Qa4 Kf8 33. Ne5 Nxd4 34. Qxe8+ Kxe8 35. Re1 Ke7 36. Nd3 Bf6 37. Bd2 Nf5 38. Bb4+ Kd7 39. Rc1 Bd4 40. Kf1 Bf6 41. Ba5 Bd4 42. Rc7+ Ke8 43. Bb4 h4 44. Ne1 Be5 45. Rb7 Nd6 46. Bxd6 Bxd6 47. Nf3 Be7 48. Ke2 g5 49. Ne5 Kf8 50. Nc6 Bc5 51. Nd8 Be7 52. Rb8 Kg7 53. Nc6 Bd6 54. Rb7 Kf8 55. Kf3 f5 56. Nd4 Be7 57. Nxe6+ Kf7 58. Nxg5+ Kf6 59. Nh7+ Kf7 60. Kf4 d4 61. Ng5+ Kf6 62. Nf3 d3 63. Nd2 Bf8 64. Rb6+ Kf7 65. Kxf5 Bc5 66. Rb7+ Kg8 67. Ke4 Bxf2 68. Kxd3 Bg3 69. Ke4 Bd6 70. Kf5 Kh8 71. Kg6 Bf8 72. Rb8 Kg8 73. Ne4 Kh8 74. Rxf8# 1-0

[Event "4NCL Online Division 5"]
[Site "online"]
[Date "2021.09.21"]
[EventDate "2021.09.21"]
[Round "3.41"]
[White "Jiménez Patiño, Manuel David"]
[WhiteElo "1620"]
[WhiteTeam "Breage Bruisers"]
[Black "Brusey, Alan W"]
[BlackElo "2056"]
[BlackTeam "Jurassic Coast A"]
[Result "0-1"]
[PlyCount "138"]

1. c4 Nc6 2. g3 e5 3. Bg2 f5 4. e3 Nf6 5. Ne2 e4 6. O-O Ne5 7. b3 c6 8. Nbc3 d5 9. cxd5 cxd5 10. Bb2 Nd3 11. Qc2 Be7 12. Nc1 Nxb2 13. Qxb2 b6 14. N1e2 O-O 15. Nd4 Bd7 16. Rac1 Rc8 17. Nce2 Bc5 18. b4 Bxd4 19. Nxd4 Qe7 20. a3 a6 21. Rxc8 Rxc8 22. Rc1 Qd8 23. Rxc8 Qxc8 24. Qc3 Qxc3 25. dxc3 Kf7 26. Kf1 Ng4 27. h3 Ne5 28. Ke2 g6 29. Kd1 Ba4+ 30. Nc2 Nc4 31. Kc1 Bxc2 32. Kxc2 Nxa3+ 33. Kb3 Nc4 34. Kc2 Ke6 35. Bf1 Kd6 36. Be2 Kc6 37. Kb3 b5 38. h4 Ne5 39. Kc2 Kb6 40. Kb3 a5 41. bxa5+ Kxa5 42. Kc2 Ka4 43. Kb2 Nc4+ 44. Kc2 Ka3 45. Bf1 b4 46. cxb4 Kxb4 47. Be2 Ne5 48. Kd2 Nc6 49. Kc2 d4 50. exd4 Nxd4+ 51. Kd2 Nxe2 52. Kxe2 Kc4 53. Ke3 Kd5 54. f3 Ke5 55. g4 f4+ 56. Ke2 e3 57. Kd3 Kd5 58. Kc3 Kc5 59. Kd3 Kb4 60. Kc2 Kc4 61. Kd1 Kd3 62. Ke1 e2 63. g5 Ke3 64. h5 Kxf3 65. h6 Kg4 66. Kxe2 Kxg5 67. Kf3 Kxh6 68. Kxf4 g5+ 69. Kg4 Kg6 0-1

[Event "4NCL Online Division 5"]
[Site "online"]
[Date "2021.09.21"]
[EventDate "2021.09.21"]
[Round "3.42"]
[White "Gosling, Brian G E"]
[WhiteElo "1857"]
[WhiteTeam "Jurassic Coast A"]
[Black "Jones, Bryan"]
[BlackElo "1552"]
[BlackTeam "Breage Bruisers"]
[Result "1-0"]
[PlyCount "91"]

1. d4 Nf6 2. Nf3 d5 3. e3 e6 4. Bd3 c5 5. b3 Nc6 6. Bb2 Bd6 7. Ne5 cxd4 8. exd4 Bd7 9. a3 O-O 10. Nd2 Qe7 11. O-O Rfc8 12. f4 a6 13. Qe2 Nd8 14. Nxd7 Qxd7 15. Rf3 Qc7 16. Raf1 Qe7 17. Rh3 Bxa3 18. Bxa3 Qxa3 19. Bxh7+ Nxh7 20. Qh5 Kf8 21. Qxh7 Nc6 22. c3 Ke7 23. Qh4+ Kd7 24. f5 exf5 25. Rxf5 Qc1+ 26. Nf1 Re8 27. Rxf7+ Re7 28. Qg4+ Kc7 29. Rxe7+ Nxe7 30. Qxg7 Kd7 31. Re3 Re8 32. Qf7 Kd8 33. Qe6 Qa3 34. b4 Qa4 35. Qd6+ Qd7 36. Qb8+ Qc8 37. Qxc8+ Kxc8 38. Ng3 Kd7 39. Kf2 Rf8+ 40. Ke2 Nc6 41. h4 Rf4 42. h5 Rh4 43. Rf3 Rh2 44. Kf2 Ke6 45. Rf4 Ne7 46. Kg1 1-0

[Event "4NCL Online Division 5"]
[Site "online"]
[Date "2021.09.21"]
[EventDate "2021.09.21"]
[Round "3.43"]
[White "Spargo, Philip J"]
[WhiteElo "1454"]
[WhiteTeam "Breage Bruisers"]
[Black "Timbrell, Matthew"]
[BlackElo "1634"]
[BlackTeam "Jurassic Coast A"]
[Result "1/2-1/2"]
[PlyCount "52"]

1. e4 c6 2. d3 d5 3. exd5 cxd5 4. d4 Nf6 5. Nf3 Bf5 6. Be2 e6 7. c3 Bd6 8. Bd3 Bxd3 9. Qxd3 Nc6 10. Be3 Qc7 11. Nbd2 O-O 12. Bg5 Be7 13. Bxf6 Bxf6 14. O-O Ne7 15. Rfe1 Ng6 16. Nb3 a6 17. Rac1 Rac8 18. Nc5 Be7 19. Nb3 b5 20. a3 Qb6 21. Ne5 Nxe5 22. Rxe5 Bf6 23. Rh5 g6 24. Rh3 Qd6 25. Re1 Bg5 26. Qe2 h5 1/2-1/2